Statistics for All Rascal Flatts Songs

Click here to take the quiz!

General Stats

  • This quiz has been taken 17 times
  • The average score is 30 of 158

Answer Stats

AlbumSong% Correct
Feels Like TodayFeels Like Today
73%
Me and My GangMe and My Gang
73%
Me and My GangLife Is a Highway
67%
Back to UsBack to Us
60%
ChangedChanged
60%
Nothing Like ThisEasy
60%
MeltI Melt
60%
UnstoppableUnstoppable
60%
Still Feels GoodHere
53%
UnstoppableHere Comes Goodbye
53%
How They Remember YouHow They Remember You
53%
RewindRewind
53%
Feels Like TodayBless the Broken Road
47%
Feels Like TodayFast Cars and Freedom
47%
Nothing Like ThisNothing Like This
47%
Feels Like TodaySkin (Sarabeth)
47%
Still Feels GoodStill Feels Good
47%
Me and My GangWhat Hurts the Most
47%
Me and My GangBackwards
40%
ChangedBanjo
40%
Me and My GangMy Wish
40%
Rascal FlattsPrayin' for Daylight
40%
ChangedCome Wake Me Up
33%
RewindI Like the Sound of That
33%
Me and My GangStand
33%
UnstoppableSummer Nights
33%
Still Feels GoodTake Me There
33%
UnstoppableWhy
33%
Still Feels GoodBob That Head
27%
Rascal FlattsFrom Time to Time
27%
Rascal FlattsI'm Movin' On
27%
MeltMayberry
27%
RewindRiot
27%
MeltThese Days
27%
How They Remember YouThrough the Years
27%
Me and My GangWords I Couldn't Say
27%
MeltYou
27%
Back to UsYours If You Want It
27%
Me and My GangCool Thing
20%
Still Feels GoodEvery Day
20%
ChangedFall Here
20%
How They Remember YouFeel It in the Morning
20%
Me and My GangI Feel Bad
20%
Nothing Like ThisI Won't Let Go
20%
Rascal FlattsLong Slow Beautiful Dance
20%
RewindPayback
20%
Nothing Like ThisPlay
20%
Nothing Like ThisRed Camaro
20%
ChangedShe's Leaving
20%
The Greatest Gift of AllSilent Night
20%
How They Remember YouSip Away
20%
Nothing Like ThisSunday Afternoon
20%
RewindThe Mechanic
20%
Feels Like TodayThen I Did
20%
Nothing Like ThisThey Try
20%
Rascal FlattsThis Everyday Love
20%
MeltToo Good Is True
20%
Rascal FlattsWaiting All My Life
20%
Rascal FlattsWhile You Loved Me
20%
Nothing Like ThisWhy Wait
20%
RewindAftermath
13%
ChangedA Little Home
13%
Back to UsAre You Happy Now
13%
Single #3Back to Life
13%
Still Feels GoodBetter Now
13%
RewindBring the Family
13%
RewindDJ Tonight
13%
MeltDry Country Girl
13%
Me and My GangEllsworth
13%
MeltFallin' Upside Down
13%
UnstoppableForever
13%
ChangedFriday
13%
The Greatest Gift of AllGo Tell It on the Mountain
13%
Me and My GangHe Ain't the Leavin' Kind
13%
Still Feels GoodHelp Me Remember
13%
Still Feels GoodHow Strong Are You Now
13%
RewindI Have Never Been to Memphis
13%
UnwrappedI'll Be Home for Christmas
13%
RewindI'm on Fire
13%
Still Feels GoodIt's Not Supposed to Go Like That
13%
UnwrappedJingle Bell Rock
13%
ChangedLet It Hurt
13%
The Greatest Gift of AllLet It Snow
13%
RewindLife's a Song
13%
MeltLike I Am
13%
Back to UsLove What You've Done with the Place
13%
MeltMy Worst Fear
13%
Back to UsRoller Rink
13%
UnstoppableShe'd Be California
13%
The Greatest Gift of AllSomeday at Christmas
13%
Nothing Like ThisSummer Young
13%
ChangedSunrise
13%
UnstoppableThings That Matter
13%
Me and My GangTo Make Her Love Me
13%
Back to UsVandalized
13%
How They Remember YouWarmer
13%
Feels Like TodayWhere You Are
13%
UnwrappedWhite Christmas
13%
Still Feels GoodWinner at a Losing Game
13%
Me and My GangYes I Do
13%
Nothing Like ThisAll Night to Get There
7%
UnstoppableAmerican Living
7%
The Greatest Gift of AllA Strange Way to Save the World
7%
SingleAway in a Manger
7%
Feels Like TodayBreak Away
7%
UnstoppableClose
7%
RewindCompass
7%
Back to UsDance
7%
The Greatest Gift of AllDeck the Halls
7%
UnwrappedGod Rest Ye Merry Gentlemen
7%
ChangedGreat Big Love
7%
Back to UsHands Talk
7%
The Greatest Gift of AllHark! The Herald Angels Sing
7%
Feels Like TodayHere's to You
7%
UnstoppableHoldin' On
7%
Feels Like TodayHoles
7%
RewindHoneysuckle Lazy
7%
Back to UsHopin' You Were Lookin'
7%
ChangedHot in Here
7%
ChangedHurry Baby
7%
Still Feels GoodI Can Almost
7%
Back to UsI Know You Won't
7%
Rascal FlattsIt's Not Just Me
7%
Still Feels GoodI Was Born To
7%
The Greatest Gift of AllJoy to the World
7%
Back to UsKiss You While I Can
7%
How They Remember YouLooking Back
7%
UnstoppableLove Who You Love
7%
MeltLove You Out Loud
7%
ChangedLovin' Me
7%
ChangedNext to You, Next to Me
7%
RewindNight of Our Lives
7%
Still Feels GoodNo Reins
7%
The Greatest Gift of AllO Holy Night
7%
Feels Like TodayOklahoma-Texas Line
7%
UnstoppableOnce
7%
Rascal FlattsOne Good Love
7%
Back to UsOur Night to Shine
7%
Me and My GangPieces
7%
RewindPowerful Stuff
7%
How They Remember YouQuick, Fast, in a Hurry
7%
Still Feels GoodRevolution
7%
ChangedRight One Time
7%
Still Feels GoodSecret Smile
7%
Rascal FlattsSee Me Through
7%
Still Feels GoodShe Goes All the Way
7%
RewindShe Must Like Broken Hearts
7%
MeltShine On
7%
Rascal FlattsSome Say
7%
Feels Like TodayThe Day Before You
7%
The Greatest Gift of AllThe First Noel
7%
Still Feels GoodThe Way
7%
Back to UsThieves
7%
Feels Like TodayWhen the Sand Runs Out
7%
RewindWildfire
7%
Single #2Mary, Did You Know?
0%
Nothing Like ThisTry Tonight
0%

Score Distribution

Percentile by Number Answered

Percent of People with Each Score

Your Score History

You have not taken this quiz